Challenges in the Indian Ocean region : (Record no. 97125)

MARC details
000 -LEADER
fixed length control field 00719nam a22002057a 4500
005 - DATE AND TIME OF LATEST TRANSACTION
control field 20151117164954.0
010 ## - LCCN (DPL NO)
LC control number ENG-114090
020 ## - INTERNATIONAL STANDARD BOOK NUMBER
Terms of availability 595.00
International Standard Book Number 9789380502823
035 ## - SYSTEM CONTROL NUMBER
System control number EN-97622
037 ## - SOURCE OF ACQUISITION
Source of stock number/acquisition DBAD/PUB
082 ## - DEWEY DECIMAL CLASSIFICATION NUMBER
Classification number 355.033054
100 ## - MAIN ENTRY--PERSONAL NAME
Personal name Narender Kumar
245 ## - TITLE STATEMENT
Title Challenges in the Indian Ocean region :
Statement of responsibility, etc by Narender Kumar
Remainder of title response options /
260 ## - PUBLICATION, DISTRIBUTION, ETC. (IMPRINT)
Place of publication, distribution, etc New Delhi
Name of publisher, distributor, etc KW Publishers
Date of publication, distribution, etc 2011
270 ## - ADDRESS
Address 4676/21, First Floor, Ansari Road, Daryganj
City New Delhi
Postal code 110002
300 ## - PHYSICAL DESCRIPTION
Extent xii,173p.:
Dimensions 24cm(Hb)
Other physical details ill.,maps
500 ## - GENERAL NOTE
General note Includes bibliographical references and index.
710 ## - ADDED ENTRY--CORPORATE NAME
Corporate name or jurisdiction name as entry element Centre for Land Warfare Studies (New Delhi, India)
942 ## - ADDED ENTRY ELEMENTS (KOHA)
Source of classification or shelving scheme Dewey Decimal Classification
Item type English Books
Call number suffix NAR
Classification part 355.033054
Holdings
Withdrawn status Lost status Not for loan Collection code Home library Current library Date acquired Source of acquisition Cost, normal purchase price Full call number Barcode Copy number Cost, replacement price Koha item type
    Not For Loan Non-fiction D.B.Act.Division D.B.Act.Division 18/09/2015 DBAD/PUB 595.00 355.033054 NAR EN-97622 1 595.00 English Books

© Delhi Public Library
Hit Counter
free hit counter